000 00711nam a2200217Ii 4500
003 JO-AjNU
008 230605s9999||||xx |||||||||||||| ||und||
017 _a5113
040 _aJO-AjNU
_bara
_erda
_cJO-AjNU
041 _aara
050 1 4 _aLB17 1980
100 3 _aفهمي،محمد سيف الدين,
_eauthor
_98163
245 0 0 _aالنظرية التربوية وأصولها الفلسفية والنفسية
250 _aط1
264 3 1 _aالقاهرة:مكتبة الأنجلو المصرية،1980
300 _a145ص
336 _atext
_btxt
_2rdacontent
337 _aunmediated
_bn
_2rdamedia
338 _avolume
_bnc
_2rdacarrier
650 4 _aالتربية والتعليم-نظريات
_98164
999 _aA649
_c4217
_d4217